000 01066nam a22002537a 4500
005 20170124103054.0
010 _aA-770044
020 _c90.00
035 _aA-770044
037 _bCen Lib/Ret
040 _aDPL
_bHN
082 _a
_bमल्होत्रा
100 _aमल्होत्रा , सुभाष
_971373
245 _aआधे से ज्यादा सफ़र /
_cसुभाष मल्होत्रा
246 _aAadhe se jayada safar
_bby Subhash Malhotra
260 _a दिल्ली
_bशिलालेख प्रकाशन
_c1996
270 _a432, सुभाष गली विश्वास नगर शाहदरा
_b दिल्ली
_e110032
300 _a111पृष्ठ.
_c20सेमी(सजिल्द)
650 _aहिंदी साहित्य
_971374
650 _a हिंदी कहानी
_971375
650 _aHindi literature
_971376
650 _aHindi story
_943117
942 _2ddc
_cHN
_h
_mमल्होत्रा
999 _c117328
_d117328